00996nab a22002417a 4500999001500000003000400015005001700019008004100036040000700077100003400084245014500118260007200263300001300335500005000348505009000398650002600488650001800514650001700532650002600549650002800575773013800603942001300741 c6008d6008OSt20260116164806.0190605e xxu||||| |||| 00| 0 spa d cPJ 95140aGómez Orellano, Julio10aComentario al (nuevo) art. 242 LCT, reformado por la Ley Bases 27.742 sobre los despidos por bloqueos o piquetes /cJulio Gómez Orellano.  aCiudad Autónoma de Buenos Aires :bThomson Reuters La Ley,c2025. ap. 46-49 aCita Online: Cita: TR LALEY AR/DOC/859/2025. t¿Te interesa el texto completo? Solicitalo al correo: koha@justierradelfuego.gov.ar  091316aDERECHO LABORAL 091533aDESPIDO 091341aHUELGA 095902aTUTELA SINDICAL 091461aLIBERTAD SINDICAL0 0271193168dCiudad Autónoma de Buenos Aires : Thomson Reuters La Ley, 1999-2002.tRevista de derecho del trabajo. Nº 3 - Mayo 2025 2udccANA